| 000 | 00453cam a2200181ua 4500 | ||
|---|---|---|---|
| 020 | _c40.00 | ||
| 041 |
_aeng _h |
||
| 082 |
_a612.8 _bGEO/PH |
||
| 100 | _aGeoffrey, Walsh.E . | ||
| 245 |
_aPhysiology of the nervous system / _cE Geoffrey Walsh. _hTextual Documents |
||
| 250 |
_a1 / _b. |
||
| 260 |
_aLondon : _bLongaman Green and Co , _c1957. |
||
| 300 | _a563 ; . | ||
| 365 | _a40.00 | ||
| 504 | _a | ||
| 942 | _cBK | ||
| 999 |
_c2654 _d2654 |
||